Расчетно-экспериментальные исследования реактивностных параметров реактора ИРТ-Т; Ресурсоэффективным технологиям - энергию и энтузиазм молодых

書誌詳細
Parent link:Ресурсоэффективным технологиям - энергию и энтузиазм молодых.— 2015.— [С. 136-142]
第一著者: Сливин А. А.
団体著者: Национальный исследовательский Томский политехнический университет (ТПУ) Физико-технический институт (ФТИ) Кафедра физико-энергетических установок (№ 21) (ФЭУ)
その他の著者: Чертков Ю. Б. Юрий Борисович (научный руководитель), Аникин М. Н. Михаил Николаевич
要約:Заглавие с титульного экрана
言語:ロシア語
出版事項: 2015
シリーズ:Традиционная и атомная энергетика, альтернативные технологии производства энергии
主題:
オンライン・アクセス:http://earchive.tpu.ru/handle/11683/19385
http://www.lib.tpu.ru/fulltext/c/2015/C08/041.pdf
フォーマット: MixedMaterials 電子媒体 図書の章
KOHA link:https://koha.lib.tpu.ru/cgi-bin/koha/opac-detail.pl?biblionumber=612305

MARC

LEADER 00000naa2a2200000 4500
001 612305
005 20260422105533.0
035 |a (RuTPU)RU\TPU\conf\10426 
035 |a RU\TPU\conf\10421 
090 |a 612305 
100 |a 20150609d2015 k y0rusy50 ca 
101 0 |a rus 
102 |a RU 
135 |a drcn ---uucaa 
181 0 |a i  
182 0 |a b 
200 1 |a Расчетно-экспериментальные исследования реактивностных параметров реактора ИРТ-Т  |f А. А. Сливин, Ю. Б. Чертков, М. Н. Аникин  |g науч. рук. Ю. Б. Чертков 
203 |a Текст  |c электронный 
225 1 |a Традиционная и атомная энергетика, альтернативные технологии производства энергии 
300 |a Заглавие с титульного экрана 
320 |a [Библиогр.: с. 142 (3 назв.)] 
337 |a Adobe Reader 
463 1 |0 (RuTPU)RU\TPU\conf\10353  |t Ресурсоэффективным технологиям - энергию и энтузиазм молодых  |o сборник научных трудов VI Всероссийской конференции, г. Томск, 22-24 апреля 2015 г.  |f Национальный исследовательский Томский политехнический университет (ТПУ)   |v [С. 136-142]  |d 2015 
610 1 |a труды учёных ТПУ 
610 1 |a электронный ресурс 
610 1 |a расчетно-экспериментальные исследования 
610 1 |a реакторы 
610 1 |a ИРТ-Т 
610 1 |a реактивностные параметры 
700 1 |a Сливин  |b А. А. 
701 1 |a Чертков  |b Ю. Б.  |c физик  |c доцент Томского политехнического университета, кандидат физико-математических наук  |f 1948-  |g Юрий Борисович  |3 (RuTPU)RU\TPU\pers\26469  |9 12172 
701 1 |a Аникин  |b М. Н.  |c специалист в области ядерных технологий  |c начальник службы Томского политехнического университета, кандидат технических наук  |f 1991-  |g Михаил Николаевич  |3 (RuTPU)RU\TPU\pers\32503  |9 16449 
702 1 |a Чертков  |b Ю. Б.  |c физик  |c доцент Томского политехнического университета, кандидат физико-математических наук  |f 1948-  |g Юрий Борисович  |4 727 
712 0 2 |a Национальный исследовательский Томский политехнический университет (ТПУ)  |b Физико-технический институт (ФТИ)  |b Кафедра физико-энергетических установок (№ 21) (ФЭУ)  |3 (RuTPU)RU\TPU\col\18730 
801 2 |a RU  |b 63413507  |c 20210119  |g RCR 
856 4 |u http://earchive.tpu.ru/handle/11683/19385 
856 4 |u http://www.lib.tpu.ru/fulltext/c/2015/C08/041.pdf 
942 |c BK